| 000 | 00629nam a2200193 a 4500 | ||
|---|---|---|---|
| 005 | 20191224041553.0 | ||
| 008 | 140225b xxu||||| |||| 00| 0 spa d | ||
| 040 |
_aCO-BoIAVH _cCO-BoIAVH |
||
| 041 | _aeng | ||
| 090 |
_aLB _b01100 |
||
| 245 |
_aGlobal terrestrial observing system GTOS _bturning a sound concept into a practical reality |
||
| 260 |
_as.l _bFAO _bICSU _bUNEP _bUNESCO _bWMO _c1996 |
||
| 300 | _a114 p. | ||
| 650 |
_aSistemas de observación global terrestre _910810 |
||
| 650 |
_aEcosistemas terrestres _944933 |
||
| 650 |
_aSostenibilidad _944934 |
||
| 650 |
_aMetodologías científicas _97264 |
||
| 942 |
_cINFORME _2z |
||
| 999 |
_c1111 _d1111 |
||